000 00330nam a22001337a 4500
008 171023b xxu||||| |||| 00| 0 eng d
020 _a9780136011033
041 _aeng
080 _22ND
_a338
100 _a54
101 _aMEN
245 _aINTRODUCTION TO OPERATIONS AND SUPPLY CHAIN MANAGEMENT
_cBOZARTH,C.C
942 _2udc
_cBK
999 _c35372
_d35372